| 000 | 00326nam a2200133Ia 4500 | ||
|---|---|---|---|
| 005 | 20260328104246.0 | ||
| 008 | 260328s9999||||xx |||||||||||||| ||und|| | ||
| 100 | _aSimon, Dan | ||
| 245 | 0 |
_aBing Thom Works / _cDan Simon |
|
| 260 | _bPrinceton Architectural Press | ||
| 300 | _a208 p. | ||
| 650 | _aARQUITECTURA | ||
| 942 | _cBK | ||
| 999 |
_c10071 _d10071 |
||